| 000 | 00701cam a2200253 4500 | ||
|---|---|---|---|
| 001 | J3041 | ||
| 008 | 090401t1995 xxu||||| |||| 00| 0 eng d | ||
| 035 | _a(Sirsi) u52649 | ||
| 041 | _aeng | ||
| 050 | _a711.552 | ||
| 110 |
_aHillier Parker _92054 |
||
| 245 | _aShop expansion plans survey 1995. | ||
| 260 |
_aLondon _bHillier Parker May and Rowden _c1995 |
||
| 300 | _a15p. ; 30cm. | ||
| 350 | _a0 | ||
| 520 | _aHigh street and out-of-town shop expansion programmes. | ||
| 650 | _aEXPANSION PLANS | ||
| 650 | _aHIGH STREET SHOPS | ||
| 650 | _aOUT-OF-TOWN DEVELOPMENTS | ||
| 650 | _aSHOPS | ||
| 690 | _aPROPERTY-COMMERCIAL PROPERTY-RETAIL PROPERTY | ||
| 942 | _n0 | ||
| 948 | _c04/03/1997 | ||
| 999 |
_c93132 _d93132 |
||